000 00786nam a2200253 a 4500
001 51216
003 BD-RjUL
005 20211209075627.0
008 160830s1974 enka 001 0 eng
020 _a0852642288
035 _a(BD-RjUL)51336
040 _aDLC
_cDLC
_dDLC
_dBD-RjUL
_beng
041 _aeng
082 0 0 _223
_a519.53
_bPLA 1974
100 1 _aPlackett, R. L.
_9153225
245 1 4 _aThe analysis of categorical data /
_cR. L. Plackett.
260 _aLondon :
_bGriffin,
_c1974.
300 _aviii, 159 p. :
_bill. ;
_c22 cm.
490 0 _aGriffin's statistical monographs and courses ;
_vno. 35
500 _aIncludes index.
650 0 _aMultivariate analysis.
_9119620
830 _aGriffin's statistical monographs and courses ;
_vno. 35
_9153135
942 _2ddc
_cBK
999 _c51216
_d51216